ბათუმის შოთა რუსთაველის სახელმწიფო უნივერსიტეტის ბიბლიოთეკა

ჩანაწერი Personal Name

ჩანაწერთა რაოდენობა, რომელიც გამოყენებულია: 2

001 - CONTROL NUMBER

  • control field: 829

003 - CONTROL NUMBER IDENTIFIER

  • control field: GE_BSU

005 - DATE AND TIME OF LATEST TRANSACTION

  • control field: 20190507103953.0

008 - FIXED-LENGTH DATA ELEMENTS

  • fixed length control field: 190507|| aca||aabn | a|a d

040 ## - CATALOGING SOURCE

  • Original cataloging agency: GE_BSU
  • Transcribing agency: GE_BSU

100 ## - HEADING--PERSONAL NAME

  • Personal name: კანდელაკი, თეიმურაზ
  • Relator term: რედაქტორი

670 ## - SOURCE DATA FOUND

  • Source citation: Work cat.: (GE_BSU)36839: მეტრეველი, მარინა 828, ტურიზმი:დამხმ. სახელმძღვ. ტურიზმის ფაკ. სტუდ.